00976nam a22002297a 4500003000400000005001700004008003400021020001800055040002500073100003000098245013600128260008500264300003700349500007300386500005700459700004400516710006500560942001400625952007800639956001200717999001700729OSt20201030145610.0201014b 2018 dr a c 00| 0 eng d a9789945090765 aDO-SdBNPbspacBNPHU1 aBautista, Félix 94392510aEducación de calidad :b el imperativo del desarrollo y la equidad social /cFélix Bautista ; prólogo Rubén Zabala Moreta. aSanto Domingo : b Fundación Nacional De Desarrollo Integral, (FUNDI), c2018 a252 p. : bil., retrs. c23 cm.  aIncluye referencias bibliográficas y notas al pie de las páginas aIncluye datos biográficos del autor en las solapas1 aZabala Moreta, Rubén,epról.9768832 a Fundación Nacional De Desarrollo Integral, (FUNDI)976884 2ddccLBS1 00102ddc708MOaPDbPDcCTd2020-10-14l0r2020-10-14w2020-10-14yLBS1 aLOPEREZ c48879d48879